00546 2200169 4500001002100000005001500021035002000036245013400056100003100190250001700221300003500238260004900273082000800322084001400330020002200344650001000366INLIS00000000000110120250716084250 a0010-07250000071 aMetode Ringkas Terpadu untuk SD/MI Kelas 1 :bBenda, Hewan, dan Tanaman disekitarku, Peristiwa Alam /cTim Masmedia Buana Pustaka0 aTim Masmedia Buana Pustaka aCetakan ke-2 avi, 250 hlm :bIlus ;c27,5 cm aSidoarjo :bPT Masmedia Buana Pustaka,c2020 a500 a500 TIM m a978-602-232-900-8 4aSains